| 000 | 01058nam0a2200325 i 4500 | ||
|---|---|---|---|
| 001 | RU\NLR\BIBL_A\010904314 | ||
| 005 | 20240921154737.0 | ||
| 010 |
_a9785699839476 _92000 |
||
| 021 |
_aRU _b2015-83557 _95096 |
||
| 035 | _a(NILC)RuMoRGB-008053928 | ||
| 035 | _a(NLR Aleph) 010904314 | ||
| 090 |
_a10606396 _c10606396 |
||
| 100 | _a20151120d2015 u y0rusy50 ca | ||
| 101 | 1 |
_arus _ceng |
|
| 102 | _aRU | ||
| 105 | _ay|||z||||00ay | ||
| 200 | 1 |
_aНезавершенное дело Элизабет Д. _fНиколь Бернье _g[пер. с англ. С. Н. Самуйлова] |
|
| 210 |
_aМосква _cЭ _d2015 |
||
| 215 |
_a379, [1] с. _d20 |
||
| 225 | 1 | _aМировой бестселлер | |
| 333 | _a16+ | ||
| 675 | _a821.111(73)-31 | ||
| 686 | 1 | _aШ6(7США)67-440.4{Лх1979-50} | |
| 700 | 1 |
_7ca _8rus _aБернье _bН. _gНиколь _9152891 _3RU\NLR\AUTH\770152929 |
|
| 801 | 0 |
_aRU _bРГБ _c20151027 _gRCR |
|
| 942 | _cBOOK | ||
| 980 | _aNBR | ||